00668nam a2200193Ia 4500003000900000008004100009040001600050080001500066245009200081260004400173300001300217650001900230650003000249700002500279700003200304942000700336999001500343952011600358IN-BaIIA211028s9999 xx 000 0 eng d cIIA Library a530.1bTHE 0aTheoretical physics in the twentieth centurycedited by M. Fierz and V. F. Weisskopf  aNew YorkbInterscience Publishersc1960 ax, 328p. aNASA thesaurus aTheoretical physics91581 aFierz, M., ed.93832 aWeisskopf, V. F., ed.93833 cBK c2028d2028 00104070aBANbBANcGENd0000-00-00g45.00l0o530.1/ THEp2272r2021-11-05v45.00w0000-00-00yBKGRs. 45.00